|
|
|
|
| LEADER |
01187cam a2200277 7i4500 |
| 001 |
0000081976 |
| 005 |
20251104090000.0 |
| 020 |
|
|
|a 9789672586784 (hardback)
|
| 090 |
0 |
0 |
|a LA1238
|b .U58 2024
|
| 110 |
2 |
|
|a Universiti Selangor
|
| 245 |
1 |
0 |
|a Potret ulangtahun ke-20
|c Universiti Selangor.
|
| 264 |
|
|
|a Shah Alam, Selangor:
|b UNISEL Press,
|c 2024.
|
| 300 |
|
|
|a 112 pages:
|b colour illustrations;
|c 26 cm.
|
| 336 |
|
|
|a text
|2 rdacontent
|
| 337 |
|
|
|a unmediated
|2 rdamedia
|
| 338 |
|
|
|a volume
|2 rdacarrier
|
| 500 |
|
|
|a Gift: Pejabat Komunikasi Korporat, Universiti Selangor
|
| 610 |
2 |
|
|a Universiti Selangor
|
| 650 |
|
0 |
|a Education, Higher --
|z Malaysia
|
| 650 |
|
0 |
|a Education and state --
|z Malaysia
|
| 999 |
|
|
|a 0000070302
|b BOK
|c UNIVERSITI PUBLICATION
|e 2nd Floor, Shah Alam
|
| 999 |
|
|
|a 0000071725
|b BOK
|c UNIVERSITI PUBLICATION
|e Ground Floor, Bestari Jaya
|
| 999 |
|
|
|a 0000071726
|b BOK
|c UNIVERSITI PUBLICATION
|e Ground Floor, Bestari Jaya
|
| 999 |
|
|
|a 0000071727
|b BOK
|c UNIVERSITI PUBLICATION
|e Ground Floor, Bestari Jaya
|
| 999 |
|
|
|a 0000071728
|b BOK
|c UNIVERSITI PUBLICATION
|e Ground Floor, Bestari Jaya
|
| 999 |
|
|
|a 0000071729
|b BOK
|c UNIVERSITI PUBLICATION
|e Ground Floor, Bestari Jaya
|